¿Qué es una casa? : ¿Qué es el diseño? /

Պահպանված է:
Մատենագիտական մանրամասներ
Հիմնական հեղինակ: Eames, Charles (autor)
Այլ հեղինակներ: Puente, Moisés (traducción) (traducción)
Ձևաչափ: Գիրք
Լեզու:իսպաներեն
Հրապարակվել է: Barcelona, España : Gustavo Gili, 2007, c2007
Շարք:(GG Mínima)
Խորագրեր:
Ցուցիչներ: Ավելացրեք ցուցիչ
Չկան պիտակներ, Եղեք առաջինը, ով նշում է այս գրառումը!

MARC

LEADER 00000nam^a2200000^a^4500
001 000265301
005 20250521000000.0
009 20260310110712.639
020 |a 978-84-252-2119-4 
037 |a Acervo ITESO - Biblioteca 
041 |a ESP 
082 |a 709. 730909  |b EAM 
100 |a Eames, Charles  |e (autor) 
245 1 0 |a ¿Qué es una casa? :  |b ¿Qué es el diseño? /  |c C. Eames ; tr. por M. Puente. 
264 4 |a Barcelona, España :  |b Gustavo Gili,  |c 2007, c2007 
300 |a 29 p. 
336 |a texto  |b txt  |2 rdacontenido 
337 |a sin mediación  |b n  |2 rdamedio 
338 |a volumen  |b nc  |2 rdasoporte 
440 1 |a (GG Mínima) 
500 |a Traducción de: What is a House?, What is Design? 
649 |a XX 
650 |a Vivienda 
650 |a Problemática Habitacional 
650 |a Problemas Sociales 
650 |a Arquitectura Moderna -  |z EUA 
650 |a Arquitectura Norteamericana -  |y Siglo XX 
650 |a Arquitectura -  |x Teoría 
650 |a Arquitectura -  |x Historia y Crítica 
650 |a Diseño Industrial -  |x Historia -  |y Siglo XX 
650 |a Diseño Norteamericano -  |x Historia y Crítica 
650 |a Diseño -  |x Teoría 
650 |a Arte Moderno -  |z EUA 
650 |a Arte Norteamericano -  |y Siglo XX 
650 |a Arte -  |x Historia y Crítica 
700 |a Puente, Moisés  |e (traducción) 
910 |a Fondo General 
920 |a Impresos - Libros 
930 |a Colección General 
905 |a 101 
901 |a 0500147862  |b IT1  |c ACC  |u 20250521 
902 |a https://opac.biblio.iteso.mx/vufind/Record/000265301